| 000 | 00313nam a22001217a 4500 | ||
|---|---|---|---|
| 999 |
_c529206 _d529206 |
||
| 020 | _a9781408855959 | ||
| 082 | _aA3 R797 | ||
| 100 |
_aRowling, J.K. _951032 |
||
| 245 |
_aHarry Potter and the Deathly Hallows _cby J.K. Rowling |
||
| 260 |
_aLondon _bBloomsbury _c2014 |
||
| 300 | _a619p. | ||
| 650 |
_aFiction _951067 |
||